Statistiques concernant Les 20 top nationalité de la LNH

Cliquez ici pour prendre le quiz!

Statistiques générales

  • Ce quiz a été pris 380 fois
  • Le résultat moyen est 14 sur 20

Statistiques - réponses

Nombre de joueursPays% Correct
5058Canada
98%
1137États-Unis
98%
11France
96%
224Russie
96%
300Suede
95%
199Finlande
94%
37Allemagne
89%
8Norvége
87%
33Suisse
81%
82Slovaquie
80%
12Danemark
77%
218Republiqué Tchèque
75%
15Autriche
67%
19Italie
66%
21Lettonie
59%
8Ukraine
59%
12Biélorussie
50%
18Angleterre
39%
10Kazakhstan
23%
16Écosse
8%

Distribution des résultats

Percentile par nombre de réponses

% des personnes avec chaque résultat

Votre développement - résultats

Vous n’avez pas pris ce quiz